000 01695pam a22003131i 4500
001 991025337733607026
003 UkOxU
005 20250703125158.0
006 m || d |
007 cr |||||||||||
008 230622r20232020enka o 001|0 eng|d
020 _a9781786277237
035 _a(Uk)021120787
037 _a9781399620048
_bHachette UK
040 _aStDuBDS
_beng
_erda
_epn
_cStDuBDS
_dUk
_dUkOxU
041 _aeng
042 _aukblsr
050 _aBF1091
_b.F736 2020
100 _aFrancis-Cheung, Theresa
_eauthor
_925647
245 1 0 _aNight vision
_b: a field guide to your dreams
_c/ Theresa Cheung ; illustrations by Léa Chassagne.
260 _aLondon :
_bLaurence King Publishing,
_c2023.
300 _a143 pages :
_billustrations (color) ;
_c21 cm.
520 _aNight Vision is a visual field guide to the richly rewarding art of dream interpretation. Have you ever dreamt that you were flying? That you missed your flight? Or that you got a radical new haircut? Keep a copy of this beautifully illustrated book by your bedside table to help you understand what your dreams are trying to tell you. First you need to learn the techniques, including how to get a good night's sleep, how to recall your dreams and understand the symbolic language through which they unfold. Then you can start interpreting: over 50 common dream themes are explained with accompanying illustrations. Understand what your mind is telling you when you're asleep, and you'll unlock your true potential when you're awake.
650 0 _aDream interpretation
_912913
650 0 _aDreams
_98839
650 0 _aSleep
_911641
700 _aChassagne, Léa
_eillustrator
_925648
942 _2lcc
999 _c4816
_d4816